Administración educacional: curso modular

Uloženo v:
Podrobná bibliografie
Hlavní autor: Ostoic Ostoic, Tomislav (autor)
Médium: Kniha
Jazyk:španělština
Vydáno: Antofagasta Universidad del Norte 1982
Témata:
Tagy: Přidat tag
Žádné tagy, Buďte první, kdo vytvoří štítek k tomuto záznamu!

MARC

LEADER 00000nam a2200000 a 4500
001 UCY7952
003 CL-VaPUC
008 950623e19821200CL |||||||||||||||||spa|d
082 0 4 |a 371.2  |b OST  |2 21 
100 |a Ostoic Ostoic, Tomislav  |e autor  |9 753615 
245 1 0 |a Administración educacional: curso modular 
300 |a 231 p 
942 |c BK 
945 |d 19950623 00:00:00  |a mfernand 
260 |a Antofagasta  |b Universidad del Norte  |c 1982 
650 0 |a Gestión educacional   |9 261035 
650 0 |a Planificación de la educación   |9 307333 
650 0 |a Operaciones administrativas  |9 335045 
583 |a last modification  |c 19950623 00:00:00  |k Rodrigo Vera 
999 |c 235245  |d 235243 
952 |0 0  |1 0  |4 0  |6 371_200000000000000_OST_1982  |7 0  |8 P  |9 242522  |a BIBEDU  |b BIBEDU  |c BIBEDU_PB  |d 2019-11-18  |i 1523406  |o 371.2 OST 1982  |p 1523406  |r 2024-01-25  |w 2019-11-18  |y BK  |k EDU